Name the Plane - Part 2 - Statistics

General Stats
  • This quiz has been taken 7 times
  • The average score is 5 of 10
Answer Stats
Picture Answer % Correct
Lockheed Martin F-22 Raptor
100%
The Aérospatiale/BAC Concorde
83%
McDonnell Douglas F/A-18 Hornet
67%
Airbus A340
50%
Airbus Beluga
50%
Airbus A330
33%
Boeing B757
33%
Boeing B767
33%
Boeing B787
33%
Bombardier CRJ-700
33%
No matching quizzes found
Score Distribution
Percent of People with Each Score
Percentile by Number Answered
Your Score History
You have not taken this quiz